1M+ European Cities Sudden Death - Statistics

General Stats
  • This quiz has been taken 154 times
  • The average score is 3 of 21
Answers on the Grid
Answers color-coded by a green-red scale on the quiz's grid according to % correct below.
Voronezh
Stockholm
Leeds
Odesa
Dublin
Volgograd
Perm
Budapest
Turin
Tolyatti
Ufa
Frankfurt am Main
Dnipro
Warsaw
Moscow
Oslo
Kazan
Kharkiv
Poznan
Athens
Seville
Prague
Amsterdam
Minsk
Lisbon
London
Istanbul
Helsinki
Cologne
Valencia
Tirana
Milan
Birmingham
Manchester
Vienna
Samara
Marseille
Florence
Munich
Edinburgh
 
Answer Stats
Answer % Correct
Moscow
46%
London
43%
Istanbul
37%
Warsaw
24%
Munich
22%
Birmingham
19%
Kharkiv
17%
Milan
14%
Vienna
14%
Budapest
13%
Minsk
13%
Prague
13%
Volgograd
13%
Ufa
11%
Kazan
10%
Samara
10%
Cologne
8%
Voronezh
8%
Turin
6%
Odesa
5%
Perm
5%
No matching quizzes found
Score Distribution
Percent of People with Each Score
Percentile by Number Answered
Your Score History
You have not taken this quiz